000 01097nam0a22002651 4500
001 rc\4408776
005 20250611170825.0
035 _a(NLR Aleph) 008301765
090 _a8640550
_c8640550
100 _a20130416d1961 |||y0rusy50 ca
101 0 _arus
102 _aRU
105 _aab z |||||
200 1 _aПокурская опорная скважина. (Тюменская область)
210 _aЛенинград
_cГостоптехиздат
_d1961
215 _a112 с., 2 л. табл.
_cкарт.
_d22
225 1 _aТруды Всесоюзного нефтяного научно-исследовательского геологоразведочного института "ВНИГРИ"
_vВып. 169
_iОпорные скважины СССР
_v[2]
320 _aБиблиогр.: с. 111-112
700 1 _aДряхлова
_bЕ.А.
_gЕкатерина Александровна
701 1 _aРозин
_bА.А.
_gАнатолий Абрамович
801 0 _aRU
_bNLR
_gpsbo
801 1 _aRU
_bELAR
_2rusmarc
852 _aNLR
_jП7/243
942 _cBOOK
980 _aNB